ბათუმის შოთა რუსთაველის სახელმწიფო უნივერსიტეტის ბიბლიოთეკა

სამართალი და მსოფლიო. #5. 12/2016 (ბიბ.ჩანაწერი № 53218)

000 -LEADER
fixed length control field 00820nam a2200217Ia 4500
001 - CONTROL NUMBER
control field 20259
003 - CONTROL NUMBER IDENTIFIER
control field GE_BSU
008 - FIXED-LENGTH DATA ELEMENTS--GENERAL INFORMATION
fixed length control field 181216s||||||||xx |||||||||||||| ||und||
040 ## - CATALOGING SOURCE
Transcribing agency GE_BSU
245 ## - TITLE STATEMENT
Title სამართალი და მსოფლიო. #5. 12/2016
245 ## - TITLE STATEMENT
Remainder of title საერთაშორისო სამეცნიერო ჟურნალი
245 ## - TITLE STATEMENT
Statement of responsibility, etc. მთავ.რედ. ზ. ჭყონია
260 ## - PUBLICATION, DISTRIBUTION, ETC.
Place of publication, distribution, etc. თბილისი
260 ## - PUBLICATION, DISTRIBUTION, ETC.
Name of publisher, distributor, etc. გა,-ბა "დანი
260 ## - PUBLICATION, DISTRIBUTION, ETC.
Date of publication, distribution, etc. 2016
300 ## - PHYSICAL DESCRIPTION
Extent 127გვ. 30სმ.
653 ## - INDEX TERM--UNCONTROLLED
Uncontrolled term პერიოდიკა
653 ## - INDEX TERM--UNCONTROLLED
Uncontrolled term საერთაშორისო სამეცნიერო ჟურნალი
653 ## - INDEX TERM--UNCONTROLLED
Uncontrolled term სამართალი და მსოფლიო. #5. 12/2016
942 ## - ADDED ENTRY ELEMENTS (KOHA)
Koha item type პერიოდიკა
ეგზემპლარები
Withdrawn status Lost status Damaged status Not for loan Date acquired Barcode Date last seen Price effective from Koha item type Public note
        2018-12-17 p 78422 2018-12-17 2018-12-17 პერიოდიკა პერიოდიკა
        2018-12-17 p 78421 2018-12-17 2018-12-17 პერიოდიკა პერიოდიკა